00555nam a2200181 a 45000010010000000030011000100080041000210350026000620820016000881000021001042450046001252600052001716500013002239420012002369520090002489980020003389990015003580000-9294ELIB.Books110520 1989  a(ELIB.Books)0000-9446 a230.3 bBoa aBoatman, Russell aWhat the Bible Says about the Holy Spirit bJoplin: College Press Publishing Company c1989 aTheology 2ddccBK 00102ddc4070aKBTSbKBTSd2011-05-20l0p3628r2022-01-22 00:00:00w2022-01-22yBK cbate2011-05-20 c9294d9294